Landtage - Statistiken

Allgemein
  • Dieses Quiz wurde 54 mal gespielt
  • Das Durchschnittsergebnis liegt bei 8 aus 16
Antwortstatistiken
Bildquiz Antwort % Korrekt
Erfurt
100%
Hamburg
76%
München
67%
Wiesbaden
64%
Schwerin
57%
Bremen
50%
Berlin
45%
Düsseldorf
43%
Kiel
43%
Mainz
40%
Potsdam
38%
Stuttgart
36%
Hannover
33%
Magdeburg
31%
Saarbrücken
31%
Dresden
29%
Keine übereinstimmenden Quizze gefunden
Verteilung der Resultate
Anzahl Personen mit jedem Resultat
Perzentil nach korrekt beantworteten Fragen
Ihre Resultats-Entwicklung
Sie haben dieses Quiz noch nicht gespielt